Vybrané kapitoly z ekonomiky chemického priemyslu ... určené poslucháčom Chemickotechnologickej fakulty SVŠT v Bratislave

Bibliographic Details
Main Authors: Dzurko, Ján (Author), Alexy, Július, 1926- (Author)
Format: Book
Language:Slovak
PhysicalDescription:203, [1] s. grafy, sch., tab. 4°
Published: Bratislava Slovenská vysoká škola technická 1971
Edition:2. nezm. vyd.
Subjects:

MARC

LEADER 00000cam a2200000 a 4500
001 vtls008335694
003 SK-MaSNL
005 20260302003756.0
008 230403s1971 xo da e n 000 0 slo
015 |a SNBA1971/10-02448 
035 |a SK01SNK19710027911 
035 |a urn:nbn:sk:snk-aml66c 
035 |a urn:nbn:sk:snk-am008uwp 
035 |a D9DC0A3E-7D17-480D-9A3D-5A885AF7EE81 
035 |a SKM000030374 
040 |a SNK  |b slo  |c SNK  |e AACR2 
041 0 |a slo 
044 |a xo  |c SK 
080 |a 66:330.1(075.8)  |2 1981 
100 1 |a Dzurko, Ján  |4 aut  |9 279527 
245 1 0 |a Vybrané kapitoly z ekonomiky chemického priemyslu  |b ... určené poslucháčom Chemickotechnologickej fakulty SVŠT v Bratislave  |c Ján Dzurko ; autorom 1. a 7. kapitoly je J. Alexy ... [et al.] 
250 |a 2. nezm. vyd. 
260 |a Bratislava  |b Slovenská vysoká škola technická  |c 1971 
300 |a 203, [1] s.  |b grafy, sch., tab.  |c 4° 
366 |e 100 výt. 
504 |a Bibliogr. ; bibliogr. odkazy ; pozn. 
650 0 7 |a chemický priemysel  |x ekonomika  |2 SNKPH  |9 279528 
655 7 |a učebnice vysokých škôl  |2 SNKPH  |9 70191 
700 1 |a Alexy, Július,  |d 1926-  |4 aut  |9 92390 
852 |a Slovenská národná knižnica 
954 |a odborná, vedecká literatúra pôvodná (slovenská)  |2 lita 
958 |a OND 
958 |a RM 
958 |a RK 
958 |a NB 
958 |a UV 
958 |a EUIPO 
999 |c 993293  |d 995223 
952 |a SNK  |b SNK  |y PREZ  |7 0  |p 17A0890817  |o snkSB 17423  |i snkKSP 6731/71  |0 0  |1 0  |4 0  |d 2015-02-03  |f 1  |l 0  |r 2025-03-18 00:00:00  |w 2026-02-24 
952 |a SNK  |b SNK  |y VYP  |7 0  |o snkSB 17423 D1  |i snkKSP 6732/71  |0 0  |1 0  |4 0  |d 2015-02-03  |l 0  |r 2026-02-24 11:55:48  |w 2026-02-24